[Event "RUS-chT Blitz Women 2018"]
[Site "Sochi"]
[Date "2018.10.10"]
[Round "2"]
[White "Girshgorn, Maria"]
[Black "Chernyak, Viktoria"]
[Result "0-1"]
[WhiteElo "1949"]
[BlackElo "2200"]
[Annotator "TA"]
[PlyCount "66"]
[EventDate "2018.10.10"]
[EventType "swiss"]
[EventCountry "RUS"]
[SourceTitle "playchess.com"]
[Source "ChessBase"]
[SourceQuality "1"]

{[%evp 11,66,14,24,24,47,-28,-31,-55,-35,-58,0,-25,6,12,15,0,83,-362,-353,-374,-316,-314,-275,-345,-324,-329,-304,-363,-371,-485,-491,-474,-493,-523,-494,-846,-736,-712,-640,-640,-640,-994,-1022,-935,-640,-630,-626,-735,-735,-728,-722,-733,-748,-741,-734,-834,-840]} 1. Nf3 d5 2. g3 Nf6 3. Bg2 c5 4. O-O e6 5. d4 cxd4 6. Nxd4 Be7 7. c4 {D02: 1 d4 d5 2 Nf3 sidelines, including 2...Nf6 3 g3 and 2...Nf6 3 Bf4} dxc4 (7... O-O 8. cxd5 Nxd5 9. b3 Qa5 10. Bb2 Rd8 11. Qd2 Bb4 12. Qc2 Bd7 13. a3 Bf8 14. b4 Qa6 15. Nc3 Nxc3 16. Bxc3 Rc8 {1-0 (28) Meier,G (2655)-Rodshtein,M (2699) Heraklio 2017}) 8. Nc3 ({White should play} 8. Qa4+ $14 Nbd7 9. Rd1 (9. Qxc4 Nb6 $11)) 8... O-O $11 9. Bg5 {Black is slightly better.} a6 10. e3 Ra7 $146 (10... e5 $15 11. Nde2 Nbd7) ({Predecessor:} 10... Qc7 11. Qe2 h6 12. Bxf6 Bxf6 13. Rac1 Bxd4 14. exd4 Ra7 {1-0 (58) Perez Ferloni,J (1996)-Gutierrez,S Asuncion 2008}) 11. a4 Bd7 12. Qe2 Qc7 13. Rac1 Qa5 {[#]} (13... e5 $11 {keeps the balance.} 14. Bxf6 Bxf6) 14. Qxc4 $2 {[%mdl 8192]} (14. Ne4 $1 $16) 14... Qxg5 $19 15. b4 h5 16. h4 Qg6 17. Nce2 Ng4 {Strongly threatening ...e5.} ({Don't take} 17... Bxa4 18. Nf4 $19) 18. Nf4 Qh6 19. b5 axb5 20. axb5 e5 {[%cal Be6e5,Be5d4][%mdl 32] Black is clearly winning.} 21. Nd5 Ba3 (21... exd4 $2 22. Nxe7+ Kh7 23. Qxd4 $19) 22. Ra1 {intending Nc2.} exd4 23. Qb3 (23. Qxd4 $142 Ra8 24. Rfb1) 23... Bc5 24. Rxa7 Bxa7 25. b6 {[#]} Bxb6 $1 26. Nxb6 (26. Qxb6 Qxb6) 26... dxe3 27. fxe3 Qxe3+ 28. Qxe3 Nxe3 29. Re1 Nxg2 30. Kxg2 Bc6+ 31. Kf2 Re8 32. Rc1 g6 33. Ra1 Nd7 {Precision: White = 25%, Black = 38%.} 0-1

[Event "RUS-chT Blitz Women 2018"]
[Site "Sochi"]
[Date "2018.10.10"]
[Round "2"]
[White "Shestakova, Ekaterina"]
[Black "Ershova, Margarita"]
[Result "1/2-1/2"]
[WhiteElo "1886"]
[BlackElo "1511"]
[Annotator "NA"]
[PlyCount "92"]
[EventDate "2018.10.10"]
[EventType "swiss"]
[EventCountry "RUS"]
[SourceTitle "playchess.com"]
[Source "ChessBase"]
[SourceQuality "1"]
[TimeControl "180+2"]

1. d4 {[%emt 0:00:00]} Nf6 {[%emt 0:00:00]} 2. Nf3 {[%emt 0:00:00]} d5 {[%emt 0:00:00]} 3. g3 {[%emt 0:00:01]} e6 {[%emt 0:00:01]} 4. Bg2 {[%emt 0:00:01]} Be7 {[%emt 0:00:01]} 5. O-O {[%emt 0:00:02]} O-O {[%emt 0:00:01]} 6. c4 {[%emt 0:00:04]} c6 {[%emt 0:00:01]} 7. cxd5 {[%emt 0:00:03]} exd5 {[%emt 0:00:06]} 8. Nc3 {[%emt 0:00:02]} Re8 {[%emt 0:00:09]} 9. Bf4 {[%emt 0:00:06]} Nbd7 {[%emt 0:00:04]} 10. Rc1 {[%emt 0:00:02]} Nf8 {[%emt 0:00:03]} 11. a3 {[%emt 0:00:15]} Bf5 {[%emt 0:00:12]} 12. Nh4 {[%emt 0:00:09]} Be6 {[%emt 0:00:01]} 13. Nf3 {[%emt 0:00:02]} Ng6 {[%emt 0:00:12]} 14. Bg5 {[%emt 0:00:15]} h6 {[%emt 0:00:03]} 15. Bxf6 {[%emt 0:00:05]} Bxf6 {[%emt 0:00:02]} 16. e3 {[%emt 0:00:02]} Qd7 {[%emt 0:00:04]} 17. Na4 {[%emt 0:00:05]} b6 {[%emt 0:00:07]} 18. Qc2 {[%emt 0:00:04]} Rac8 {[%emt 0:00:01]} 19. Qd2 {[%emt 0:00:04]} Bh3 {[%emt 0:00:13]} 20. Nc3 {[%emt 0:00:09]} Bxg2 {[%emt 0:00:02]} 21. Kxg2 {[%emt 0:00:02]} Ne7 {[%emt 0:00:37]} 22. b4 {[%emt 0:00:12]} Nf5 {[%emt 0:00:18]} 23. Qd3 {[%emt 0:00:21]} Nd6 {[%emt 0:00:05]} 24. Nd2 {[%emt 0:00:09]} h5 {[%emt 0:00:25]} 25. Qe2 {[%emt 0:00:14]} Qf5 {[%emt 0:00:09]} 26. Qf3 {[%emt 0:00:21]} Qg6 {[%emt 0:00:06]} 27. Rfe1 {[%emt 0:00:08]} Re6 {[%emt 0:00:16]} 28. h3 {[%emt 0:00:25]} Rce8 {[%emt 0:00:01]} 29. Ne2 {[%emt 0:00:07]} Nc8 {[%emt 0:00:19]} 30. Nf4 {[%emt 0:00:01]} Qh7 {[%emt 0:00:04]} 31. Nxe6 {[%emt 0:00:09]} Rxe6 {[%emt 0:00:01]} 32. Nb1 {[%emt 0:00:10]} Qg6 {[%emt 0:00:02]} 33. Nc3 {[%emt 0:00:01]} Ne7 {[%emt 0:00:02]} 34. Ne2 {[%emt 0:00:02]} Bg5 {[%emt 0:00:03]} 35. Nf4 {[%emt 0:00:02]} Bxf4 {[%emt 0:00:02]} 36. Qxf4 {[%emt 0:00:02]} Nf5 {[%emt 0:00:02]} 37. Rc3 {[%emt 0:00:10]} Kh7 {[%emt 0:00:02]} 38. Rec1 {[%emt 0:00:01]} Ne7 {[%emt 0:00:01]} 39. Qf3 {[%emt 0:00:01]} f5 {[%emt 0:00:02]} 40. Qf4 {[%emt 0:00:02]} Qf6 {[%emt 0:00:02]} 41. h4 {[%emt 0:00:01]} Ng6 {[%emt 0:00:02]} 42. Qf3 {[%emt 0:00:01]} Kh6 {[%emt 0:00:02]} 43. R1c2 {[%emt 0:00:02]} Ne7 {[%emt 0:00:07]} 44. Qf4+ {[%emt 0:00:01]} Kh7 {[%emt 0:00:01]} 45. Qf3 {[%emt 0:00:01]} Kh6 {[%emt 0:00:01]} 46. Qf4+ {[%emt 0:00:00]} Kh7 1/2-1/2

[Event "RUS-chT Blitz Women 2018"]
[Site "Sochi"]
[Date "2018.10.10"]
[Round "2"]
[White "Fairuzova, Zulfiiya"]
[Black "Zhurova, Anna"]
[Result "1-0"]
[WhiteElo "1847"]
[BlackElo "1947"]
[Annotator "NA"]
[PlyCount "120"]
[EventDate "2018.10.10"]
[EventType "swiss"]
[EventCountry "RUS"]
[SourceTitle "playchess.com"]
[Source "ChessBase"]
[SourceQuality "1"]
[TimeControl "180+2"]

1. e4 {[%emt 0:00:00]} d5 {[%emt 0:00:00]} 2. exd5 {[%emt 0:00:01]} Qxd5 {[%emt 0:00:00]} 3. Nc3 {[%emt 0:00:01]} Qd6 {[%emt 0:00:01]} 4. d4 {[%emt 0:00:01]} Nf6 {[%emt 0:00:01]} 5. Nf3 {[%emt 0:00:01]} c6 {[%emt 0:00:01]} 6. Be2 {[%emt 0:00:01]} Bg4 {[%emt 0:00:01]} 7. h3 {[%emt 0:00:01]} Bh5 {[%emt 0:00:01]} 8. O-O {[%emt 0:00:04]} e6 {[%emt 0:00:00]} 9. Be3 {[%emt 0:00:03]} Nbd7 {[%emt 0:00:02]} 10. Qd2 {[%emt 0:00:01]} Qc7 {[%emt 0:00:01]} 11. Bf4 {[%emt 0:00:01]} Bd6 {[%emt 0:00:01]} 12. Bxd6 {[%emt 0:00:01]} Qxd6 {[%emt 0:00:01]} 13. Rad1 {[%emt 0:00:06]} O-O {[%emt 0:00:02]} 14. g4 {[%emt 0:00:02]} Bg6 {[%emt 0:00:02]} 15. Nh4 {[%emt 0:00:03]} Rad8 {[%emt 0:00:08]} 16. Nxg6 {[%emt 0:00:01]} hxg6 {[%emt 0:00:02]} 17. Bf3 {[%emt 0:00:04]} Nb6 {[%emt 0:00:07]} 18. b3 {[%emt 0:00:05]} Nbd5 {[%emt 0:00:02]} 19. Nxd5 {[%emt 0:00:04]} Nxd5 {[%emt 0:00:10]} 20. Bxd5 {[%emt 0:00:20]} Qxd5 {[%emt 0:00:08]} 21. c4 {[%emt 0:00:01]} Qf3 {[%emt 0:00:06]} 22. Qe3 {[%emt 0:00:05]} Qf6 {[%emt 0:00:08]} 23. f4 {[%emt 0:00:08]} Kh7 {[%emt 0:00:13]} 24. Qe5 {[%emt 0:00:10]} Qh4 {[%emt 0:00:06]} 25. Kg2 {[%emt 0:00:01]} Rh8 {[%emt 0:00:06]} 26. Qe1 {[%emt 0:00:06]} Qh6 {[%emt 0:00:15]} 27. Qg3 {[%emt 0:00:03]} Kg8 {[%emt 0:00:02]} 28. g5 {[%emt 0:00:19]} Qh5 {[%emt 0:00:02]} 29. Qf3 {[%emt 0:00:05]} Qxf3+ {[%emt 0:00:16]} 30. Rxf3 {[%emt 0:00:02]} Kf8 {[%emt 0:00:06]} 31. Re3 {[%emt 0:00:10]} Rh4 {[%emt 0:00:07]} 32. Kg3 {[%emt 0:00:01]} Rh8 {[%emt 0:00:03]} 33. Re5 {[%emt 0:00:06]} Ke8 {[%emt 0:00:32]} 34. d5 {[%emt 0:00:20]} Rd7 {[%emt 0:00:04]} 35. Rde1 {[%emt 0:00:12]} cxd5 {[%emt 0:00:08]} 36. cxd5 {[%emt 0:00:01]} Kd8 {[%emt 0:00:15]} 37. dxe6 {[%emt 0:00:04]} fxe6 {[%emt 0:00:02]} 38. Rxe6 {[%emt 0:00:01]} Rd2 {[%emt 0:00:07]} 39. R1e2 {[%emt 0:00:04]} Rd3+ {[%emt 0:00:04]} 40. R6e3 {[%emt 0:00:13]} Rd6 {[%emt 0:00:03]} 41. h4 {[%emt 0:00:05]} Kd7 {[%emt 0:00:02]} 42. Re7+ {[%emt 0:00:02]} Kc8 {[%emt 0:00:02]} 43. Rxg7 {[%emt 0:00:12]} Rd3+ {[%emt 0:00:01]} 44. Kg4 {[%emt 0:00:02]} Rd6 {[%emt 0:00:06]} 45. Ree7 {[%emt 0:00:04]} b6 {[%emt 0:00:08]} 46. Rc7+ {[%emt 0:00:03]} Kb8 {[%emt 0:00:01]} 47. Rb7+ {[%emt 0:00:02]} Ka8 {[%emt 0:00:02]} 48. Rxa7+ {[%emt 0:00:02]} Kb8 {[%emt 0:00:00]} 49. Rgb7+ {[%emt 0:00:04]} Kc8 {[%emt 0:00:02]} 50. Rh7 {[%emt 0:00:10]} Rxh7 {[%emt 0:00:13]} 51. Rxh7 {[%emt 0:00:02]} Rd2 {[%emt 0:00:01]} 52. Ra7 {[%emt 0:00:04]} Kb8 {[%emt 0:00:02]} 53. Rg7 {[%emt 0:00:04]} Rxa2 {[%emt 0:00:02]} 54. Rxg6 {[%emt 0:00:01]} Rb2 {[%emt 0:00:02]} 55. Rxb6+ {[%emt 0:00:01]} Kc7 {[%emt 0:00:01]} 56. Rb4 {[%emt 0:00:02]} Kc6 {[%emt 0:00:01]} 57. h5 {[%emt 0:00:05]} Kc5 {[%emt 0:00:02]} 58. Rb8 {[%emt 0:00:02]} Rg2+ {[%emt 0:00:02]} 59. Kf3 {[%emt 0:00:01]} Rh2 {[%emt 0:00:01]} 60. h6 {[%emt 0:00:01]} Kd5 1-0